[Event "23rd Abu Dhabi Masters"]
[Site "Abu Dhabi UAE"]
[Date "2016.08.22"]
[Round "2.40"]
[White "Shyaamnikhil, P"]
[Black "Senthil, Maran K"]
[Result "1-0"]
[WhiteTitle "IM"]
[WhiteElo "2421"]
[BlackElo "2208"]
[WhiteFideId "5024218"]
[BlackFideId "25035681"]
[EventDate "2016.08.21"]

1. e4 Nf6 2. e5 Nd5 3. d4 d6 4. Nf3 g6 5. Bc4 Nb6 6. Bb3 Bg7 7. Qe2 d5 8. Nbd2
O-O 9. h3 a5 10. a3 Na6 11. O-O c5 12. c3 a4 13. Bc2 Bd7 14. Re1 cxd4 15. Nxd4
e6 16. N2f3 Nc4 17. Bd3 Rc8 18. Bg5 Qb6 19. Bxc4 Rxc4 20. Nh2 Nc5 21. Ng4 Ne4
22. Bh6 Bxh6 23. Nxh6+ Kg7 24. Ng4 h5 25. Qe3 hxg4 26. Nf5+ gxf5 27. Qxb6 gxh3
28. f3 Ng5 29. Qxb7 Bc6 30. Qe7 Nh7 31. Rad1 Re8 32. Qa7 Ng5 33. Rd4 hxg2 34.
Kxg2 Kg6 35. Rg1 f4 36. Kf2 Kf5 37. Rxg5+ Kxg5 38. Qxf7 Rxd4 39. cxd4 Rb8 40.
Qg7+ 1-0

[Event "23rd Abu Dhabi Masters"]
[Site "Abu Dhabi UAE"]
[Date "2016.08.22"]
[Round "2.41"]
[White "Troff, Kayden W"]
[Black "Wafa, Shrook"]
[Result "1-0"]
[WhiteTitle "GM"]
[BlackTitle "WGM"]
[WhiteElo "2522"]
[BlackElo "2106"]
[WhiteFideId "2047896"]
[BlackFideId "10609970"]
[EventDate "2016.08.21"]

1. d4 Nf6 2. c4 e6 3. Nf3 Bb4+ 4. Nbd2 O-O 5. a3 Bxd2+ 6. Qxd2 b6 7. e3 Bb7 8.
Be2 d6 9. O-O Nbd7 10. b4 Ne4 11. Qc2 f5 12. d5 exd5 13. Nd4 Qe7 14. cxd5 Bxd5
15. f3 c5 16. fxe4 fxe4 17. Nf5 Qe6 18. Bg4 Ne5 19. Bh3 Bc4 20. Rf2 Bd3 21. Qd1
Qf6 22. Bb2 Qg5 23. bxc5 bxc5 24. Qb3+ c4 25. Qb5 Nf7 26. Qd5 g6 27. Nh6+ Qxh6
28. Be6 1-0

[Event "23rd Abu Dhabi Masters"]
[Site "Abu Dhabi UAE"]
[Date "2016.08.22"]
[Round "2.42"]
[White "Ashwath, R."]
[Black "Puranik, Abhimanyu"]
[Result "0-1"]
[BlackTitle "IM"]
[WhiteElo "2227"]
[BlackElo "2469"]
[WhiteFideId "5021049"]
[BlackFideId "5061245"]
[EventDate "2016.08.21"]

1. d4 Nf6 2. c4 g6 3. g3 Bg7 4. Bg2 d5 5. cxd5 Nxd5 6. Nf3 Nb6 7. O-O Nc6 8. e3
O-O 9. Nc3 Re8 10. a3 a5 11. d5 Ne5 12. Nxe5 Bxe5 13. a4 Bd7 14. Qb3 e6 15. e4
Qe7 16. dxe6 Bxe6 17. Nd5 Qb4 18. Qxb4 axb4 19. Bf4 Bxd5 20. Bxe5 Bc4 21. Bxc7
Bxf1 22. Bxf1 Nxa4 23. Bb5 Nc3 24. Rxa8 Rxa8 25. bxc3 bxc3 26. Kf1 c2 27. Bf4
Ra1+ 28. Ke2 c1=Q 29. Bxc1 Rxc1 30. h4 Rc5 31. Bd3 b5 32. Ke3 b4 33. Kd4 Rc1 34.
Bc4 Rc2 35. f3 Rf2 36. Ke3 Rg2 37. g4 Rh2 38. Kd4 Rxh4 39. Kc5 Rh3 40. Kxb4 Rxf3
41. Kc5 0-1

[Event "23rd Abu Dhabi Masters"]
[Site "Abu Dhabi UAE"]
[Date "2016.08.22"]
[Round "2.43"]
[White "Tania, Sachdev"]
[Black "Kathmale, Sameer"]
[Result "1-0"]
[WhiteTitle "IM"]
[BlackTitle "IM"]
[WhiteElo "2396"]
[BlackElo "2248"]
[WhiteFideId "5007844"]
[BlackFideId "5024498"]
[EventDate "2016.08.21"]

1. d4 Nf6 2. c4 g6 3. Nc3 Bg7 4. e4 d6 5. f3 O-O 6. Nge2 c5 7. d5 e6 8. Ng3 exd5
9. cxd5 a6 10. a4 h5 11. Bg5 Qe8 12. Bd3 Nbd7 13. O-O Nh7 14. Be3 Ne5 15. Be2 f5
16. Qd2 h4 17. Nh1 Qe7 18. Nf2 Bd7 19. h3 Nf7 20. Rfe1 Rae8 21. Bf1 Qd8 22. exf5
gxf5 23. Nd3 Ne5 24. Nxe5 Bxe5 25. Bf2 Qf6 26. a5 Rf7 27. Re2 Nf8 28. f4 Bd4 29.
Bxd4 cxd4 30. Rxe8 Bxe8 31. Ne2 d3 32. Nc3 Rg7 33. Qf2 Bh5 34. Bxd3 Rg3 35. Bf1
Ng6 36. Re1 Kh7 37. Re6 Qf8 38. Be2 Bxe2 39. Nxe2 Rb3 40. Nd4 Rd3 41. Nf3 Qd8
42. Ng5+ Kg7 43. b4 Qc7 44. Qb2+ Qc3 45. Qxc3+ Rxc3 46. Rxd6 Nxf4 47. Ne6+ Nxe6
48. Rxe6 Kf7 49. Rb6 Rc7 50. Kf2 Ke8 51. Kf3 Rg7 52. Kf4 Rxg2 53. Kxf5 Rg7 54.
Rh6 Rg3 55. Rxh4 Kd7 56. Ke5 Rg5+ 57. Kd4 Rg7 58. Kc5 Kc7 59. Rf4 Rh7 60. h4 Rh5
61. Re4 Kb8 62. Kb6 Kc8 63. Re8+ Kd7 64. Rb8 Rxh4 65. Rxb7+ Kd6 66. Kxa6 Kxd5
67. b5 Kc5 68. Rc7+ Kb4 69. Rg7 Rh5 70. Rg4+ Kc5 71. b6 Rh6 72. Ka7 Kb5 73. Rg5+
Kc6 74. b7 1-0

[Event "23rd Abu Dhabi Masters"]
[Site "Abu Dhabi UAE"]
[Date "2016.08.22"]
[Round "2.44"]
[White "Raetsky, Alexander"]
[Black "Patil, Pratik"]
[Result "1-0"]
[WhiteTitle "GM"]
[WhiteElo "2384"]
[BlackElo "2216"]
[WhiteFideId "4103203"]
[BlackFideId "5038758"]
[EventDate "2016.08.21"]

1. d4 Nf6 2. c4 g6 3. Nc3 d5 4. Nf3 Bg7 5. Bg5 Ne4 6. cxd5 Nxg5 7. Nxg5 e6 8.
Nf3 exd5 9. b4 O-O 10. e3 c6 11. Be2 Be6 12. O-O Nd7 13. Rc1 Qe7 14. Qb3 Nb6 15.
Rfd1 Kh8 16. b5 c5 17. a4 c4 18. Qb2 f5 19. Ne5 f4 20. e4 dxe4 21. a5 f3 22.
axb6 Qg5 23. Bf1 Bxe5 24. dxe5 fxg2 25. Bxc4 e3 26. Ne4 Qf4 27. Bxe6 Qxe4 28.
Bd5 exf2+ 29. Qxf2 Qxe5 30. Qxg2 axb6 31. Bxb7 Ra3 32. Qd5 Qe3+ 33. Kh1 Ra4 34.
Re1 Qf4 35. Rc8 Rxc8 36. Bxc8 Rb4 37. Qe5+ Qxe5 38. Rxe5 Kg7 39. Bd7 Rd4 40.
Re7+ Kf8 41. Rxh7 Kg8 42. Re7 1-0

[Event "23rd Abu Dhabi Masters"]
[Site "Abu Dhabi UAE"]
[Date "2016.08.22"]
[Round "2.45"]
[White "Al Ghamdi, Ahmed M"]
[Black "Eggleston, David J"]
[Result "0-1"]
[BlackTitle "IM"]
[WhiteElo "2192"]
[BlackElo "2384"]
[WhiteFideId "21500150"]
[BlackFideId "412120"]
[EventDate "2016.08.21"]

1. e4 c5 2. Nf3 d6 3. Bb5+ Nd7 4. O-O a6 5. Bd3 Ngf6 6. Re1 b5 7. c3 c4 8. Bc2
g6 9. b3 cxb3 10. Bxb3 Nc5 11. Bc2 Bb7 12. d3 Bg7 13. Nbd2 O-O 14. d4 Ncd7 15.
Bb2 Rc8 16. Rc1 Re8 17. e5 dxe5 18. dxe5 Nd5 19. e6 fxe6 20. Ng5 Nc5 21. Nde4
Nxe4 22. Bxe4 Qb6 23. Bf3 Nf4 24. Bxb7 Qxb7 25. Qg4 e5 26. Rcd1 Rc4 27. Bc1 h5
28. Qf3 Qxf3 29. Nxf3 Rxc3 30. Bxf4 exf4 31. Re6 Bf6 32. Rxa6 Rec8 33. h4 Rc1
34. Rxc1 Rxc1+ 35. Kh2 Rf1 36. Nd2 Re1 37. Nf3 Re2 38. Kg1 b4 39. Kf1 Rb2 40.
Rb6 Kf7 41. Ng5+ Bxg5 42. hxg5 e5 43. f3 Rxa2 44. Rxb4 Ke6 45. Rb6+ Kf5 46. Rb5
Ra6 47. g3 fxg3 48. Kg2 h4 0-1

[Event "23rd Abu Dhabi Masters"]
[Site "Abu Dhabi UAE"]
[Date "2016.08.22"]
[Round "2.46"]
[White "Dimakiling, Oliver"]
[Black "Mona, Khaled"]
[Result "1-0"]
[WhiteTitle "IM"]
[BlackTitle "WGM"]
[WhiteElo "2382"]
[BlackElo "2175"]
[WhiteFideId "5202248"]
[BlackFideId "10605908"]
[EventDate "2016.08.21"]

1. d4 Nf6 2. Bg5 g6 3. Nd2 Bg7 4. c3 d6 5. Ngf3 Nbd7 6. e4 e5 7. dxe5 dxe5 8.
Qc2 O-O 9. h3 c6 10. a4 Qc7 11. Be3 b6 12. Bc4 Bb7 13. O-O a6 14. Rfd1 b5 15.
Bf1 Rac8 16. c4 Qb8 17. c5 Rfd8 18. Nb3 Nf8 19. Na5 Ba8 20. b4 Ne6 21. Ng5 Nf8
22. axb5 Rxd1 23. Rxd1 cxb5 24. Qa2 Qc7 25. Rd6 h6 26. Nf3 Nxe4 27. Rxa6 Rd8 28.
c6 Nc3 29. Qb3 Nd5 30. Rxa8 Rxa8 31. Qxd5 Ne6 32. Qxb5 Rb8 33. Qc4 Bf8 34. Nb7
Bxb4 35. Qxb4 Qxc6 36. Na5 Qc7 37. Qe1 e4 38. Nd4 Nxd4 39. Bxd4 Qc2 40. Qc3 Qxc3
41. Bxc3 Rb1 42. g4 1-0

[Event "23rd Abu Dhabi Masters"]
[Site "Abu Dhabi UAE"]
[Date "2016.08.22"]
[Round "2.47"]
[White "Abhishek, Kelkar"]
[Black "Dargan, Paul A G"]
[Result "1-0"]
[WhiteTitle "IM"]
[BlackTitle "CM"]
[WhiteElo "2380"]
[BlackElo "2159"]
[WhiteFideId "5019257"]
[BlackFideId "416762"]
[EventDate "2016.08.21"]

1. Nf3 Nf6 2. g3 d5 3. Bg2 Bg4 4. c4 c6 5. Ne5 Be6 6. cxd5 Bxd5 7. Nf3 c5 8. Nc3
Bc6 9. O-O g6 10. Qb3 Qb6 11. Ne5 Qxb3 12. axb3 Bxg2 13. Kxg2 Nbd7 14. Nc4 a6
15. e4 O-O-O 16. d3 Bg7 17. Bf4 b5 18. Na5 e5 19. Be3 Kc7 20. Rfc1 Rb8 21. b4
Bf8 22. bxc5 Bxc5 23. Bxc5 Nxc5 24. Nd5+ 1-0

[Event "23rd Abu Dhabi Masters"]
[Site "Abu Dhabi UAE"]
[Date "2016.08.22"]
[Round "2.48"]
[White "Omar, Noaman"]
[Black "Lakshmi, Narayanan M V"]
[Result "1-0"]
[WhiteTitle "IM"]
[WhiteElo "2377"]
[BlackElo "2155"]
[WhiteFideId "9300244"]
[BlackFideId "5040647"]
[EventDate "2016.08.21"]

1. d4 Nf6 2. c4 e6 3. Nf3 b6 4. a3 Bb7 5. Nc3 d5 6. Qc2 dxc4 7. e4 Be7 8. Bxc4
O-O 9. O-O Nbd7 10. Rd1 Re8 11. Bf4 c6 12. Rac1 Nh5 13. Be3 Nhf6 14. h3 Rc8 15.
Bf4 Nf8 16. Bh2 Ng6 17. Ba2 Bf8 18. Qe2 Nd7 19. Rc2 Nf6 20. Rcd2 Qe7 21. e5 Nd5
22. Ne4 Qd7 23. Rc2 Red8 24. h4 c5 25. Rcd2 cxd4 26. Rxd4 Bc5 27. Nxc5 Rxc5 28.
Ng5 Rdc8 29. Qh5 h6 30. Ne4 Rc1 31. Nd6 Rxd1+ 32. Qxd1 Rd8 33. Bb1 Nde7 34. h5
Nf8 35. Bf4 Bd5 36. Bxh6 gxh6 37. Rg4+ Neg6 38. hxg6 f5 39. exf6 Qxd6 40. g7 Nd7
41. Bh7+ Kxh7 42. f7 Nf6 43. Qd3+ Be4 44. Qxe4+ 1-0

[Event "23rd Abu Dhabi Masters"]
[Site "Abu Dhabi UAE"]
[Date "2016.08.22"]
[Round "2.49"]
[White "Siva, Mahadevan"]
[Black "Marcos, Marvin"]
[Result "1/2-1/2"]
[WhiteTitle "IM"]
[WhiteElo "2352"]
[BlackElo "2147"]
[WhiteFideId "25043153"]
[BlackFideId "5208840"]
[EventDate "2016.08.21"]

1. d4 d5 2. c4 c6 3. Nf3 Nf6 4. Nc3 a6 5. e3 Bf5 6. Be2 e6 7. Nh4 Bg6 8. O-O Ne4
9. g3 Nd7 10. Nxg6 hxg6 11. cxd5 cxd5 12. Nxe4 dxe4 13. Qb3 b5 14. Bd2 Bd6 15.
a4 b4 16. a5 Qg5 17. Kg2 Qf5 18. h4 Nf6 19. Bxb4 Bxb4 20. Qxb4 g5 21. Bd1 Rd8
22. g4 Qd5 23. h5 Qd6 24. Qxd6 Rxd6 25. Be2 O-O 26. Rfc1 Rb8 27. Rc2 Kh7 28. f3
Nd5 29. Kf2 exf3 30. Kxf3 Kh6 31. Bc4 Ne7 32. b3 f5 33. Kg3 Ng8 34. gxf5 exf5
35. Rf1 Ne7 36. Kf3 Rf8 37. Bd3 g4+ 38. Ke2 Kxh5 39. Rc7 Re6 40. Bc4 Re4 41. Bd3
Re6 42. Rc5 g6 43. Rh1+ Kg5 44. Rh7 Rd8 45. Kf2 g3+ 46. Kf3 g2 47. Kxg2 Rxe3 48.
Rh3 Rxh3 49. Kxh3 Rd6 50. Kg3 Nd5 51. Bxa6 Nb4 52. Bc4 Rxd4 53. a6 Rd7 54. Ra5
Nc6 55. Rd5 Ra7 56. Bb5 Nb4 57. Rd6 f4+ 58. Kf2 Kf5 59. Bc4 g5 60. Rb6 Nxa6 61.
Rxa6 Rg7 62. Bd3+ Ke5 63. Rg6 Rxg6 64. Bxg6 g4 65. Bh5 g3+ 66. Kf3 Kd4 67. Bf7
Kc3 68. Bd5 Kb4 69. Bc4 Kc3 70. Bg8 Kb4 71. Bd5 Kc3 72. Ke2 Kb4 73. Kd2 g2 74.
Bxg2 Kxb3 1/2-1/2

[Event "23rd Abu Dhabi Masters"]
[Site "Abu Dhabi UAE"]
[Date "2016.08.22"]
[Round "2.50"]
[White "Mohamed, Anwar"]
[Black "Rajesh, V A V"]
[Result "0-1"]
[BlackTitle "IM"]
[WhiteElo "2146"]
[BlackElo "2346"]
[WhiteFideId "12200182"]
[BlackFideId "5029317"]
[EventDate "2016.08.21"]

1. d4 Nf6 2. c4 g6 3. Nc3 d5 4. Bf4 Bg7 5. e3 O-O 6. Nf3 c5 7. dxc5 Qa5 8. Qb3
Ne4 9. Be5 dxc4 10. Qb5 Qxb5 11. Nxb5 Nc6 12. Bxg7 Kxg7 13. Rc1 Nxc5 14. Bxc4
Bg4 15. O-O Na4 16. b3 Nb6 17. Be2 Rfd8 18. Rfd1 a6 19. Nbd4 Nxd4 20. Rxd4 Rxd4
21. Nxd4 Rc8 22. Rxc8 Bxc8 23. Bf3 f5 24. Ne2 e5 25. Nc3 e4 26. Be2 Kf6 27. Kf1
Ke5 28. Ke1 g5 29. Kd2 Bd7 30. Bh5 Nc8 31. Bd1 Nd6 32. Ne2 Bc6 33. Nd4 Bd7 34.
Be2 f4 35. Kc3 a5 36. a3 Kd5 37. Bc4+ Ke5 38. Be2 Be8 39. b4 axb4+ 40. Kxb4 b6
41. Bb5 fxe3 42. fxe3 Bxb5 43. Nxb5 Nf5 44. a4 Nxe3 45. Na3 Kd4 46. Kb5 Nd5 47.
Kc6 Nc3 48. Kxb6 Nxa4+ 49. Kc6 Kd3 50. Kd5 Nb6+ 0-1

[Event "23rd Abu Dhabi Masters"]
[Site "Abu Dhabi UAE"]
[Date "2016.08.22"]
[Round "2.51"]
[White "Antonio, Viani D'cunha"]
[Black "Tarini, Goyal"]
[Result "1/2-1/2"]
[BlackTitle "WFM"]
[WhiteElo "2346"]
[BlackElo "2142"]
[WhiteFideId "5027330"]
[BlackFideId "5082749"]
[EventDate "2016.08.21"]

1. e4 c5 2. Nf3 e6 3. Qe2 d6 4. g3 Nc6 5. Bg2 Nf6 6. O-O Be7 7. c3 O-O 8. Rd1 d5
9. e5 Nd7 10. d4 c4 11. h4 b5 12. h5 b4 13. h6 g6 14. b3 cxb3 15. axb3 bxc3 16.
Nxc3 Rb8 17. Na4 Na5 18. Bf4 Nxb3 19. Ra2 Na5 20. Nc3 a6 21. Nxd5 exd5 22. e6
Rb5 23. exd7 Bxd7 24. Bc7 Qxc7 25. Qxe7 Qd8 26. Qd6 Bg4 27. Qxa6 Rb3 28. Rxa5
Bxf3 29. Re1 Qg5 30. Qd6 Qxh6 31. Bxf3 Rxf3 32. Kg2 Rf5 33. Rxd5 Rxd5 34. Qxd5
Qd2 35. Re7 h5 36. Qe5 Qh6 37. d5 h4 38. d6 h3+ 39. Kh2 Qd2 40. Kxh3 Qxf2 41. d7
Qf1+ 42. Kg4 Qc4+ 43. Qf4 Qc5 44. Qe5 Qc4+ 45. Kf3 Qf1+ 46. Ke4 Qe2+ 47. Kd4
Qb2+ 48. Ke3 Qc1+ 49. Kf2 Qd2+ 50. Kg1 Qc1+ 51. Kh2 Qh6+ 52. Kg2 Qd2+ 53. Kh3
Qh6+ 54. Kg4 Qd2 55. Qe3 Qd5 56. Qe5 1/2-1/2

[Event "23rd Abu Dhabi Masters"]
[Site "Abu Dhabi UAE"]
[Date "2016.08.22"]
[Round "2.53"]
[White "Saim, Mohamed Ilias"]
[Black "Kulkarni, Rakesh"]
[Result "0-1"]
[WhiteTitle "FM"]
[WhiteElo "2109"]
[BlackElo "2316"]
[WhiteFideId "7900465"]
[BlackFideId "5037077"]
[EventDate "2016.08.21"]

1. e4 c5 2. Nf3 e6 3. d4 cxd4 4. Nxd4 a6 5. Nc3 Qc7 6. Bd3 Nf6 7. f4 d6 8. Qf3
b5 9. g4 Bb7 10. g5 Nfd7 11. Be3 Nc6 12. O-O Be7 13. a3 O-O 14. Qh3 Nxd4 15.
Bxd4 e5 16. Nd5 Bxd5 17. exd5 g6 18. Rae1 Rae8 19. Bc3 Bd8 20. Rf3 Nb6 21. Be4
Nxd5 22. Qh6 Qa7+ 23. Kg2 Nxc3 24. Rxc3 f5 25. Bd5+ Kh8 26. Bc6 Qd4 27. Re2 Bb6
28. Qh4 Rc8 29. Qe1 Rxc6 30. Rd2 Qxf4 31. Rxc6 Be3 32. Rdxd6 Qe4+ 0-1

[Event "23rd Abu Dhabi Masters"]
[Site "Abu Dhabi UAE"]
[Date "2016.08.22"]
[Round "2.54"]
[White "Ramnath, Bhuvanesh R"]
[Black "Pujari, Rucha"]
[Result "1/2-1/2"]
[WhiteTitle "IM"]
[BlackTitle "WFM"]
[WhiteElo "2307"]
[BlackElo "2137"]
[WhiteFideId "5026598"]
[BlackFideId "5024528"]
[EventDate "2016.08.21"]

1. e4 e5 2. Nf3 Nc6 3. Bc4 Nf6 4. d3 Be7 5. O-O O-O 6. Re1 d6 7. a4 Na5 8. Ba2
c5 9. Nc3 Nc6 10. Nd5 Nxd5 11. Bxd5 Kh8 12. c3 f5 13. h3 Rb8 14. Bd2 fxe4 15.
dxe4 Qe8 16. Be3 Nd8 17. b4 Qh5 18. Nd2 Qg6 19. Kh2 Bg5 20. bxc5 1/2-1/2

[Event "23rd Abu Dhabi Masters"]
[Site "Abu Dhabi UAE"]
[Date "2016.08.22"]
[Round "2.55"]
[White "AlHuwar, Jasem"]
[Black "Ajay Krishna, S"]
[Result "1/2-1/2"]
[WhiteTitle "FM"]
[WhiteElo "2291"]
[BlackElo "2125"]
[WhiteFideId "9300465"]
[BlackFideId "5096430"]
[EventDate "2016.08.21"]

1. Nf3 c5 2. g3 g6 3. Bg2 Bg7 4. O-O Nc6 5. c4 e6 6. Nc3 Nge7 7. e3 O-O 8. d4
cxd4 9. Nxd4 Nxd4 10. exd4 d5 11. cxd5 Nxd5 12. Qb3 Bxd4 13. Bh6 Bg7 14. Bxg7
Kxg7 15. Rfd1 Qb6 16. Nxd5 Qxb3 17. axb3 exd5 18. Bxd5 Rd8 19. Bf3 Rxd1+ 20.
Rxd1 Be6 21. Bxb7 Rb8 22. Bd5 Bxd5 23. Rxd5 Rxb3 24. Rd7 Rxb2 25. Rxa7 g5 26.
Ra5 Kg6 27. h3 h5 28. Kg2 Rb4 29. Ra6+ f6 30. Ra5 1/2-1/2

[Event "23rd Abu Dhabi Masters"]
[Site "Abu Dhabi UAE"]
[Date "2016.08.22"]
[Round "2.56"]
[White "Hallaeva, Bahar"]
[Black "Muthaiah, AL"]
[Result "0-1"]
[WhiteTitle "WFM"]
[WhiteElo "2103"]
[BlackElo "2289"]
[WhiteFideId "14000679"]
[BlackFideId "5092442"]
[EventDate "2016.08.21"]

1. e4 c5 2. c3 g6 3. d4 cxd4 4. cxd4 d5 5. e5 Bg7 6. Bd3 Nc6 7. Ne2 Nh6 8. Nbc3
Nf5 9. Bxf5 Bxf5 10. Qb3 Qd7 11. Be3 e6 12. Qb5 a6 13. Qb6 a5 14. Qb5 Nb4 15.
Qxd7+ Kxd7 16. Kd2 a4 17. b3 axb3 18. axb3 b6 19. Rhc1 Rxa1 20. Rxa1 Nc6 21. Ra6
Rb8 22. Ng3 Bf8 23. Nxf5 gxf5 24. Ra4 Bb4 25. Kd3 Bxc3 26. Kxc3 Rg8 27. g3 Kc7
28. Bd2 Kb7 29. Kd3 h5 30. h4 Rc8 31. Ra1 Rb8 32. Ra4 Rg8 33. Ra1 Rc8 34. Ra4
Na7 35. Ra1 Nb5 36. Ra4 Nc7 37. Ra1 Ne8 38. Bg5 Nc7 39. Bd2 Na6 40. Ra4 Nb8 41.
Ra1 Nd7 42. Bg5 Re8 43. Ra2 Rg8 44. Ra1 Nb8 45. Ra4 Nc6 46. Bd2 Rg4 47. Bf4 Ne7
48. Ke3 Rg8 49. Ra1 Nc6 50. Kd3 Na5 51. Ra3 Kc6 52. Bd2 Kb5 53. Bc3 f4 54. Be1
Nc6 55. Ra4 fxg3 56. fxg3 f5 57. Ra1 Nb4+ 58. Ke2 Nc2 59. Rd1 Nxe1 60. Kxe1 Rxg3
61. Kf2 Rg4 62. Ke3 Rxh4 63. Rg1 Rg4 64. Rh1 h4 65. Rh2 Kb4 66. Rc2 h3 67. Rh2
Rh4 68. Kf2 Kxb3 69. Kg3 Rxd4 0-1

[Event "23rd Abu Dhabi Masters"]
[Site "Abu Dhabi UAE"]
[Date "2016.08.22"]
[Round "2.57"]
[White "Geldiyeva, Mahri"]
[Black "Wafa, Shahenda"]
[Result "1-0"]
[WhiteTitle "WGM"]
[BlackTitle "WIM"]
[WhiteElo "2285"]
[BlackElo "2113"]
[WhiteFideId "14000059"]
[BlackFideId "10609962"]
[EventDate "2016.08.21"]

1. d4 d5 2. Bf4 Nf6 3. e3 e6 4. Bd3 c5 5. c3 Nc6 6. Nd2 Be7 7. Ngf3 O-O 8. O-O
a6 9. Qe2 h6 10. h3 cxd4 11. exd4 b5 12. Rad1 Bb7 13. Bb1 b4 14. Ne5 bxc3 15.
bxc3 a5 16. Rfe1 Qb6 17. Ng4 Rfc8 18. Qd3 Qd8 19. Re3 Ba6 20. Qc2 Kf8 21. Nb3
Nb4 22. Qd2 Nxg4 23. hxg4 Nc6 24. Nc5 e5 25. Bxe5 Bg5 26. f4 Be7 27. Nxa6 Rxa6
28. Qd3 Nxe5 29. Rxe5 Re6 30. Qh7 Bf6 31. Bf5 Bxe5 32. fxe5 Rxc3 33. Bxe6 Qg5
34. Qf5 Qe3+ 35. Kh1 Rc7 36. Bxd5 g6 37. Qf3 Qg5 38. Rf1 Qh4+ 39. Kg1 Qd8 40. e6
Re7 41. Qe4 Ke8 1-0

[Event "23rd Abu Dhabi Masters"]
[Site "Abu Dhabi UAE"]
[Date "2016.08.22"]
[Round "2.58"]
[White "Pranavananda, V"]
[Black "Wang, Xinyue"]
[Result "1-0"]
[WhiteElo "2271"]
[BlackElo "2092"]
[WhiteFideId "5073588"]
[BlackFideId "8603960"]
[EventDate "2016.08.21"]

1. b3 e5 2. Bb2 Nc6 3. e3 d6 4. Nf3 Nge7 5. d4 e4 6. Nfd2 d5 7. c4 f5 8. cxd5
Nxd5 9. Bb5 Bd7 10. Nxe4 Qh4 11. Ng3 Bb4+ 12. Nd2 f4 13. exf4 Qxf4 14. a3 Nc3
15. Bxc3 Bxc3 16. Ne2 Bxd2+ 17. Qxd2 Qxd2+ 18. Kxd2 O-O-O 19. Kc3 a6 20. Bc4
Rhf8 21. f3 g5 22. Rhe1 h5 23. d5 Ne5 24. Nd4 Rde8 25. Ne6 Bxe6 26. Rxe5 Bf5 27.
Rae1 Rxe5 28. Rxe5 Kd7 29. Bd3 Bxd3 30. Kxd3 g4 31. Ke4 gxf3 32. gxf3 h4 33. Rh5
Re8+ 34. Kd3 Kd6 35. Rxh4 Kxd5 36. Rh7 b5 37. Rxc7 Rh8 38. Ra7 Rxh2 39. Rxa6 Rb2
40. Kc3 Rf2 41. Kb4 Rxf3 42. Rb6 Rh3 43. Rxb5+ Kc6 44. Rc5+ Kb6 45. Rc4 Rh6 46.
a4 Rg6 47. Rh4 Rf6 48. a5+ Ka6 49. Ka4 Rg6 50. b4 Rg1 51. Rh6+ Kb7 52. Rh7+ Kb8
53. a6 Ra1+ 54. Kb5 Rg1 55. Ka5 Rg8 56. b5 Rg5 57. Rb7+ Ka8 58. Rc7 Kb8 59. Rc6
Ka7 60. Kb4 Rg4+ 61. Rc4 Rg5 62. Rc7+ Kb8 63. b6 1-0

[Event "23rd Abu Dhabi Masters"]
[Site "Abu Dhabi UAE"]
[Date "2016.08.22"]
[Round "2.59"]
[White "Derakhshani, Borna"]
[Black "Krueger, Norbert"]
[Result "1-0"]
[WhiteTitle "FM"]
[WhiteElo "2265"]
[BlackElo "2091"]
[WhiteFideId "12518450"]
[BlackFideId "4633245"]
[EventDate "2016.08.21"]

1. e4 c5 2. Nf3 e6 3. d4 cxd4 4. Nxd4 a6 5. Nc3 Qc7 6. Bd3 Nc6 7. Nb3 Nf6 8. O-O
Be7 9. Be3 b5 10. a3 d6 11. f4 h5 12. Kh1 Bb7 13. Qf3 h4 14. Qh3 Na5 15. Nxa5
Qxa5 16. f5 e5 17. Bd2 Qc7 18. b4 d5 19. exd5 Nxd5 20. Nxd5 Bxd5 21. Rfe1 Bf6
22. a4 O-O 23. Rac1 Qc6 24. Qg4 Rad8 25. axb5 axb5 26. Be3 Rfe8 27. Bf1 e4 28.
Bf2 Rd6 29. Bxh4 Bxh4 30. Qxh4 Rf6 31. Qg4 Re5 32. Re3 Rexf5 33. Be2 Qxc2 34.
Rg1 Re5 35. Qg3 Re8 36. Bxb5 Rc8 37. Bd7 Rd8 38. Qe5 Be6 39. Rg3 Kf8 40. Bxe6
fxe6 41. Qh5 Kg8 42. Qg5 1-0

[Event "23rd Abu Dhabi Masters"]
[Site "Abu Dhabi UAE"]
[Date "2016.08.22"]
[Round "2.60"]
[White "Aradhya, Garg"]
[Black "Sadhwani, Raunak"]
[Result "1/2-1/2"]
[BlackTitle "CM"]
[WhiteElo "2262"]
[BlackElo "2069"]
[WhiteFideId "25006746"]
[BlackFideId "35093487"]
[EventDate "2016.08.21"]

1. d4 Nf6 2. c4 e6 3. Nf3 Bb4+ 4. Nbd2 b6 5. a3 Bxd2+ 6. Qxd2 Bb7 7. e3 d6 8.
Be2 a5 9. b3 O-O 10. O-O Nbd7 11. Bb2 Ne4 12. Qd3 f5 13. Rad1 Rf6 14. d5 e5 15.
Nd2 Ndc5 16. Qc2 Rh6 17. g3 Qg5 18. Nf3 Qg6 19. Nd2 Qg5 20. Nxe4 Nxe4 21. Bd3
Qh5 22. Be2 Qg5 23. b4 Qg6 1/2-1/2

[Event "23rd Abu Dhabi Masters"]
[Site "Abu Dhabi UAE"]
[Date "2016.08.23"]
[Round "3.1"]
[White "Adhiban, Baskaran"]
[Black "Zubov, Alexander"]
[Result "1-0"]
[WhiteTitle "GM"]
[BlackTitle "GM"]
[WhiteElo "2671"]
[BlackElo "2606"]
[WhiteFideId "5018471"]
[BlackFideId "14109409"]
[EventDate "2016.08.21"]

1. Nf3 d5 2. c4 dxc4 3. e3 Nf6 4. Bxc4 e6 5. O-O c5 6. b3 Nc6 7. Bb2 Be7 8. d4
cxd4 9. Nxd4 Nxd4 10. Qxd4 Qxd4 11. Bxd4 Bd7 12. Be2 Bc6 13. Nd2 O-O 14. Nc4 Bb5
15. Bf3 Nd5 16. Rfd1 Rfd8 17. Rac1 b6 18. a4 Be8 19. a5 bxa5 20. Nxa5 Rdb8 21.
Nc6 Bxc6 22. Rxc6 Rxb3 23. Bxd5 exd5 24. Rc7 Bd8 25. Rxa7 Rxa7 26. Bxa7 Bf6 27.
g4 Rb5 28. Kg2 g5 29. Rc1 Be5 30. h4 h6 31. Rc8+ Kg7 32. h5 Rb7 33. Bc5 Rd7 34.
Re8 d4 35. Bf8+ Kh7 36. Rxe5 d3 37. Bb4 d2 38. Bxd2 Rxd2 39. Kg3 Rd1 40. Kf3 Rg1
41. Rd5 Kg7 42. Rc5 Kf6 43. Rc4 Kg7 44. Ke2 Kf6 45. f3 Kg7 46. Kd3 Ra1 47. Ke4
Rf1 48. f4 gxf4 49. exf4 Ra1 50. Rc5 Ra6 51. g5 Rb6 52. Kf5 Ra6 53. Rd5 Rb6 54.
Ra5 Rc6 55. Kg4 Rb6 56. Rf5 Ra6 57. Re5 Rb6 58. Re7 Kf8 59. Rd7 Ra6 1-0

[Event "23rd Abu Dhabi Masters"]
[Site "Abu Dhabi UAE"]
[Date "2016.08.23"]
[Round "3.2"]
[White "Demchenko, Anton"]
[Black "Fedoseev, Vladimir3"]
[Result "1-0"]
[WhiteTitle "GM"]
[BlackTitle "GM"]
[WhiteElo "2600"]
[BlackElo "2670"]
[WhiteFideId "4160258"]
[BlackFideId "24130737"]
[EventDate "2016.08.21"]

1. e4 e5 2. Nf3 Nc6 3. Bc4 Bc5 4. d3 Nf6 5. O-O O-O 6. a4 a6 7. Bg5 h6 8. Bh4
Be7 9. Bg3 d6 10. c3 Be6 11. Bxe6 fxe6 12. b4 Qe8 13. Nbd2 b6 14. Qb3 Qd7 15. d4
exd4 16. cxd4 Nd8 17. Rac1 b5 18. axb5 axb5 19. d5 Re8 20. Nd4 Bf8 21. Bh4 g5
22. dxe6 Nxe6 23. f4 c5 24. fxg5 c4 25. Qg3 Nxd4 26. gxf6+ Kf7 27. Qe3 Nc6 28.
Qe2 Ne5 29. Qh5+ Kg8 30. Rc3 Qf7 31. Rg3+ Kh8 32. Qf5 Qh7 33. Qh3 Ra7 34. Nf3
Nd3 35. Bg5 d5 36. Be3 Rf7 37. Nh4 Ne5 38. Rf5 Ra8 39. Bd4 Rfa7 40. Bxe5 Ra1+
41. Bxa1 Rxa1+ 42. Rf1 Qa7+ 43. Re3 Bxb4 44. Qc8+ Kh7 45. Qf5+ Kh8 46. Ng6+ Kh7
47. Ne7+ 1-0